All the books in PJO and HOO (search if you don't know what that is) - Statistics

General Stats
  • This quiz has been taken 137 times
  • The average score is 8 of 10
Answer Stats
Hint Answer % Correct
1st book of PJO Percy Jackson and the Lightning Thief
94%
2nd book of PJO Percy Jackson and the Sea of Monsters
93%
3rd book of PJO Percy Jackson and the Titan's Curse
86%
1st book of HOO The Lost Hero
86%
5th book of PJO Percy Jackson and the Last Olympian
83%
3rd book of HOO The Mark of Athena
83%
2nd book of HOO The Son of Neptune
83%
4th book of PJO Percy Jackson and the Battle of the Labyrinth
82%
4th book of HOO The House of Hades
80%
5th book of HOO The Blood of Olympus
76%
No matching quizzes found
Score Distribution
Percent of People with Each Score
Percentile by Number Answered
Your Score History
You have not taken this quiz